Saudade /

Na minha lista:
Detalhes bibliográficos
Outros Autores: Motta, Zeze (Actor), Bruning, Jurgen (Director), Scheider, Hendrik (Actor), D'Anunciaçao, Aldri (Actor), Batscher, Daniel (Actor), Qazi, Tarik (Actor)
Formato: Slides
Idioma:alemão
inglês
português
Publicado em: Berlin : Heinz und Horst Media, 2004
Tags: Adicionar Tag
Sem tags, seja o primeiro a adicionar uma tag!

MARC

LEADER 00000ngm a22000007i 4500
001 IT\ICCU\UBO\4188217
003 ItRI
005 20260124182854.0
008 160623s2004 gw |||||||||||||||k|||||c
028 4 2 |a HUH102 
040 |b ita 
041 7 |a ger  |a eng  |a por  |2 ISO-639-2 
130 0 |a Saudade <film ; 2003>  |3 IT\ICCU\UBO\4188232 
245 0 0 |a Saudade /  |c regie Jurgen Bruning. 
260 |a Berlin :  |b Heinz und Horst Media,  |c 2004 
300 |a 1 DVD-Video (80 min) :  |b color., sonoro 
500 |a Caratteristiche tecniche: regione 0; PAL; 16/9, 1.85:1 
500 |a Lingue: tedesco, inglese, portoghese; sottotitoli: tedesco, inglese, portoghese 
500 |a Titolo del contenitore 
500 |a Interpreti: Hendrik Scheider, Aldri D'Anunciaçao, Daniel Batscher, Tariq Qazi, Zezé Motta 
500 |a Produzione cinematografica: Germania, 2003 
500 |a Data da catalogo editoriale on-line 
500 |a Contenuti extra: making of, trailer 
500 |a Vietato ai minori di 16 anni. 
700 1 |a Motta, Zeze  |0 IT\ICCU\LO1V\271221  |4 act 
700 1 |a Bruning, Jurgen  |0 IT\ICCU\UBOV\429987  |4 drt 
700 1 |a Scheider, Hendrik  |0 IT\ICCU\UBOV\429988  |4 act 
700 1 |a D'Anunciaçao, Aldri  |0 IT\ICCU\UBOV\429989  |4 act 
700 1 |a Batscher, Daniel  |0 IT\ICCU\UBOV\429991  |4 act 
700 1 |a Qazi, Tarik  |0 IT\ICCU\UBOV\429994  |4 act 
942 |2 ddc  |c VM  |n 0 
952 |0 0  |1 0  |4 0  |6 VO_2196_000000000000000  |7 0  |9 27322  |a BO  |b BO  |d 2026-01-24  |i 18114  |l 0  |o VO 2196  |p BO18114  |r 2026-01-24 18:28:54  |w 2026-01-24  |x [Sebina 5] [1 dvd]  |y VM  |z 1 dvd 
999 |c 23136  |d 23136